| 000 | 00555nam a22001937a 4500 | ||
|---|---|---|---|
| 003 | KOHA_MİRAKIL | ||
| 005 | 20251117162334.0 | ||
| 008 | 251117b tu ||||| |||| 00| 0 tur d | ||
| 020 | _a9789750814778 | ||
| 040 |
_aTR-AnABB _btur _cTR-AnABB |
||
| 041 | _atur | ||
| 082 |
_a027 _bMAN 2008 |
||
| 100 | 1 | _aManguel, Alberto, | |
| 245 | 1 | 0 |
_aGeceleyin kütüphane / _cAlberto Manguel |
| 260 |
_aİstanbul : _bYapı Kredi Kültür Yayınları, _c2008 |
||
| 300 |
_a295 sayfa ; _c21 cm |
||
| 650 | 0 | 4 | _aArjantin edebiyatı, roman |
| 942 |
_2ddc _cBK |
||
| 999 |
_c9491 _d9491 |
||
| 900 | _bGizem YORULMAZ | ||